| 000 | 00800nam a22002297a 4500 | ||
|---|---|---|---|
| 005 | 20241128151418.0 | ||
| 010 | _aENG-142687 | ||
| 020 |
_c815.00 _a9788196874346 |
||
| 035 | _aEN-126219 | ||
| 037 | _bDBAD | ||
| 082 |
_a621 _24 |
||
| 100 |
_aBass, Len _974281 |
||
| 245 |
_aSoftware Architecture in Practice/ _cBy Len Bass; Paul Clements [and] Rick Kazman |
||
| 250 | _a4 | ||
| 260 |
_aUttar Pradesh _bPearson India Education Pvt Ltd _c2025 |
||
| 270 |
_bUttar Pradesh _a1st FLoor, Berger Tower, Plot No. C-001A/2, Sector-16B, Noida _e201301 |
||
| 300 |
_axviii,378p. _c23cm(pb) _bIndex |
||
| 500 | _a Mobility, Cloud software, AI/Machine Learning | ||
| 700 |
_aClements, Paul _eAuthor _974276 |
||
| 700 |
_aKazman, Rick _eAuthor _974282 |
||
| 942 |
_2ddc _cEN _h621 _mBAS _e4 |
||
| 999 |
_c207163 _d207163 |
||